Score 0/16 Timer 01:00
11 Plays Today
% Correct
Apples
98.4%
Oranges
96%
Lemons
94.9%
Peaches
94.5%
Coconuts
94.1%
Pears
93.6%
Apricots
88.9%
Plums
87.3%
% Correct
Mangoes
87.2%
Cherries
87%
Avocados
75.4%
Almonds
73.1%
Pomegranate
71.3%
Walnuts
70.6%
Persimmons
66.5%
Pistachio
55.4%

Today's Daily Dose

Remove Ads.
Support Sporcle.
Get the best of Sporcle when you Go Orange. This ad-free experience offers more features, more stats, and more fun while also helping to support Sporcle. Thank you for becoming a member.

You're not logged in!

Compare scores with friends on all Sporcle quizzes.
OR
Log In

Show Comments

Extras

Top Quizzes Today


Score Distribution

Your Account Isn't Verified!

In order to create a playlist on Sporcle, you need to verify the email address you used during registration. Go to your Sporcle Settings to finish the process.

Report this User

Report this user for behavior that violates our Community Guidelines.

Details: